banner-ar

زعامة الشعر الجاهلى : بين امرىء القيس وعدى بن زيد / (Record no. 45513)

MARC details
000 -الفاتح
حقل البيانات ثابتة الطول 00596nam a2200193Ia 4500
008 - عناصر البيانات ثابتة الطول - معلومات عامة
حقل البيانات ثابتة الطول 140319s9999 xx 000 0 ara d
040 ## - مصدر الفهرسة
وكالة الفهرسة الأصلية GCL /
وكالة النسخ GCL
082 04 - رقم تصنيف ديوى العشرى
رقم التصنيف 811.91
رقم المادة ع ز
100 1# - المدخل الرئيسى - إسم شخصى
الإسم الشخصى عبدالمتعال الصعيدى
245 10 - بيان العنوان
العنوان زعامة الشعر الجاهلى : بين امرىء القيس وعدى بن زيد /
بيان المسئوليه,etc عبدالمتعال الصعيدى
300 ## - الوصف المادى
التعداد 135 ص
490 ## - بيان السلسلة
عنوان السلسلة
650 04 - المدخل الاضافى بالموضوع-مصطلح موضوعى
مصطلح موضوعي الادب العربى
650 04 - المدخل الاضافى بالموضوع-مصطلح موضوعى
مصطلح موضوعي الشعر الجاهلى
650 04 - المدخل الاضافى بالموضوع-مصطلح موضوعى
مصطلح موضوعي امرؤ القيس
650 04 - المدخل الاضافى بالموضوع-مصطلح موضوعى
مصطلح موضوعي عدى بن زيد
942 ## - عناصر المدخل الإضافي( كوها)
مصدر التصنيف او مخطط الترفيف Dewey Decimal Classification
Koha [default] item type كتاب
Holdings
حالة التراجع حالة الفقد حالة تلف ليس للاعارة المكان المؤقت الموقع الحالى تاريخ الاكتساب اجمالي اﻻعارات رقم الطلب الباركود تاريخ اخر مشاهدة تاريخ تفعيل السعر نوع وعاء كوها
        مكتبة القاهرة الكبرى مكتبة القاهرة الكبرى 03/26/2014   811.91\ع ز 111005 03/26/2014 03/26/2014 كتاب

Powered By

EGPV